Statistics for Flags in the Knockout Stage of the 2022 FIFA World Cup

Click here to take the quiz!

General Stats

  • This quiz has been taken 53 times
  • The average score is 16 of 16

Answer Stats

Answer% Correct
Brazil
100%
France
100%
Spain
100%
Switzerland
100%
United States
100%
Australia
98%
Croatia
98%
England
98%
Japan
98%
South Korea
98%
Argentina
96%
Morocco
96%
Poland
96%
Netherlands
94%
Portugal
94%
Senegal
94%

Score Distribution

Percentile by Number Answered

Percent of People with Each Score

Your Score History

You have not taken this quiz